[Event "Titled Tuesday intern op 27th Aug Early"]
[Site "Chess.com INT"]
[Date "2024.08.27"]
[Round "2"]
[White "Sipahioglu, Irmak"]
[Black "Bobkov, Vadim"]
[Result "1-0"]
[WhiteElo "2075"]
[BlackElo "2253"]
[PlyCount "93"]
[EventDate "2024.08.27"]
[EventType "swiss (blitz)"]
[EventRounds "11"]
[EventCountry "USA"]
[SourceTitle "EXT 2025"]
[Source "ChessBase"]
[SourceDate "2024.10.14"]
[SourceVersion "1"]
[SourceVersionDate "2024.10.14"]
[SourceQuality "1"]

1. d4 Nf6 2. c4 e6 3. Nc3 d5 4. cxd5 exd5 5. Bg5 Bb4 6. e3 h6 7. Bh4 g5 8. Bg3 Ne4 9. Qc2 h5 10. Bd3 h4 11. Be5 Nf6 12. Nf3 g4 13. Nd2 Be6 14. Nb5 Bd6 15. Bxd6 cxd6 16. Nc7+ Kf8 17. Nxa8 Nc6 18. a3 Qxa8 19. Rc1 h3 20. g3 Kg7 21. 0-0 Rc8 22. Qb1 a6 23. Rc2 Bd7 24. Rfc1 Re8 25. Rc3 Qd8 26. Bf5 Rh8 27. b4 Rh5 28. Bd3 Rh8 29. Bf5 Rh5 30. Bc2 Rh8 31. Qa2 Be6 32. Nb3 Nd7 33. Qb1 Ne7 34. Re1 f5 35. Nc1 Nb6 36. Ne2 Nc4 37. Nf4 Bf7 38. Bxf5 Nxf5 39. Qxf5 Qc8 40. Qg5+ Kf8 41. Nxd5 Rh5 42. Qe7+ Kg7 43. Qf6+ Kf8 44. Ne7 Qe6 45. Ng6+ Kg8 46. Qxe6 Bxe6 47. Nf4 1-0

[Event "Titled Tuesday intern op 20th Aug Early"]
[Site "Chess.com INT"]
[Date "2024.08.20"]
[Round "3"]
[White "Sipahioglu, Irmak"]
[Black "Kejna, Piotr"]
[Result "1/2-1/2"]
[WhiteElo "2075"]
[BlackElo "2284"]
[PlyCount "87"]
[EventDate "2024.08.20"]
[EventType "swiss (blitz)"]
[EventRounds "11"]
[EventCountry "USA"]
[SourceTitle "EXT 2025"]
[Source "ChessBase"]
[SourceDate "2024.10.14"]
[SourceVersion "1"]
[SourceVersionDate "2024.10.14"]
[SourceQuality "1"]

1. d4 Nf6 2. c4 e5 3. dxe5 Ng4 4. Bf4 g5 5. Bg3 Nc6 6. Nf3 Bg7 7. h4 Ngxe5 8. Nxe5 Nxe5 9. e3 d6 10. hxg5 Qxg5 11. Nc3 Be6 12. Qa4+ Bd7 13. Qc2 0-0-0 14. Bh4 Qh6 15. Bxd8 Qxh1 16. Bg5 Nxc4 17. 0-0-0 Qh5 18. Bf4 Nb6 19. Be2 Qc5 20. Bf3 Na4 21. Nxa4 Qxc2+ 22. Kxc2 Bxa4+ 23. b3 Bc6 24. Bxc6 bxc6 25. Kd3 Kd7 26. Rh1 h5 27. Ke4 Ke6 28. Bg3 c5 29. Kd3 c6 30. Rh4 Be5 31. Bxe5 Kxe5 32. Ra4 h4 33. Rxa7 Rg8 34. Rxf7 Rxg2 35. f4+ Ke6 36. Rh7 Rh2 37. a4 h3 38. a5 Ra2 39. Rxh3 Rxa5 40. Rh6+ Ke7 41. Rh7+ Ke6 42. Rh6+ Ke7 43. Rh7+ Ke6 44. Rh6+ 1/2-1/2

[Event "Titled Tuesday intern op 30th Jul Early"]
[Site "Chess.com INT"]
[Date "2024.07.30"]
[Round "2"]
[White "Kharmunova, Nadezhda"]
[Black "Sipahioglu, Irmak"]
[Result "0-1"]
[WhiteElo "2022"]
[BlackElo "2061"]
[PlyCount "64"]
[EventDate "2024.07.30"]
[EventType "swiss (blitz)"]
[EventRounds "11"]
[EventCountry "USA"]
[SourceTitle "EXT 2025"]
[Source "ChessBase"]
[SourceDate "2024.10.14"]
[SourceVersion "1"]
[SourceVersionDate "2024.10.14"]
[SourceQuality "1"]

1. e4 e6 2. d4 d5 3. Nc3 Bb4 4. e5 Qd7 5. a3 Bxc3+ 6. bxc3 b6 7. f4 Ba6 8. Nf3 Bxf1 9. Rxf1 Nc6 10. Bd2 Na5 11. Ng5 h5 12. f5 exf5 13. Qe2 0-0-0 14. Kf2 Nc4 15. Kg1 Nh6 16. a4 a5 17. Bf4 g6 18. Rfe1 Rde8 19. Qf3 Kb7 20. Rab1 Re7 21. Rb5 Rd8 22. Reb1 Ng8 23. Nh3 f6 24. exf6 Nxf6 25. Bg5 Re6 26. Nf4 Nd2 27. Qd1 Nxb1 28. Nxe6 Qxe6 29. Qxb1 Ng4 30. h3 Nf6 31. Bxf6 Qxf6 32. Qb3 Qe6 0-1

[Event "Titled Tuesday intern op 30th Jul Early"]
[Site "Chess.com INT"]
[Date "2024.07.30"]
[Round "5"]
[White "Melamed, Daniel"]
[Black "Sipahioglu, Irmak"]
[Result "0-1"]
[WhiteElo "2048"]
[BlackElo "2061"]
[PlyCount "104"]
[EventDate "2024.07.30"]
[EventType "swiss (blitz)"]
[EventRounds "11"]
[EventCountry "USA"]
[SourceTitle "EXT 2025"]
[Source "ChessBase"]
[SourceDate "2024.10.14"]
[SourceVersion "1"]
[SourceVersionDate "2024.10.14"]
[SourceQuality "1"]

1. d4 e6 2. e4 d5 3. e5 c5 4. c3 Qb6 5. Nf3 Nc6 6. Bd3 cxd4 7. cxd4 Bd7 8. 0-0 Nxd4 9. Nbd2 Bc5 10. Nxd4 Bxd4 11. Nf3 Ne7 12. Qe2 0-0 13. Bxh7+ Kxh7 14. Ng5+ Kg6 15. Qg4 f5 16. exf6 gxf6 17. Nf3+ Kf7 18. Qh5+ Ng6 19. Qh7+ Ke8 20. Qxg6+ Ke7 21. Qd3 Bc5 22. a4 Rac8 23. Bd2 Qa6 24. Qxa6 bxa6 25. b4 Bd6 26. Rfc1 Rxc1+ 27. Bxc1 Bxb4 28. Be3 a5 29. Bxa7 Rc8 30. h4 e5 31. h5 d4 32. Nh4 Rc7 33. h6 Kf7 34. Bb8 Rb7 35. Rc1 Rxb8 36. Rc7 Rd8 37. Nf5 d3 38. h7 Kg6 39. Ne3 Kxh7 40. g4 Kg6 41. Kg2 d2 42. Kg3 Be6 43. Rc6 Re8 44. f4 Bb3 45. f5+ Kf7 46. Rc7+ Re7 47. Rc8 Bxa4 48. Rd8 Rd7 49. Rxd7+ Bxd7 50. Nd1 Ba4 51. g5 Bxd1 52. g6+ Kg7 0-1

[Event "Titled Tuesday intern op 30th Jul Early"]
[Site "Chess.com INT"]
[Date "2024.07.30"]
[Round "6"]
[White "Sipahioglu, Irmak"]
[Black "Real de Azua, Ernesto"]
[Result "1/2-1/2"]
[WhiteElo "2061"]
[BlackElo "2455"]
[PlyCount "160"]
[EventDate "2024.07.30"]
[EventType "swiss (blitz)"]
[EventRounds "11"]
[EventCountry "USA"]
[SourceTitle "EXT 2025"]
[Source "ChessBase"]
[SourceDate "2024.10.14"]
[SourceVersion "1"]
[SourceVersionDate "2024.10.14"]
[SourceQuality "1"]

1. d4 Nf6 2. c4 e6 3. Nc3 Bb4 4. Qc2 d6 5. Nf3 c5 6. dxc5 dxc5 7. Bg5 h6 8. Bd2 Nc6 9. e3 Ba5 10. a3 Qe7 11. Bd3 0-0 12. 0-0 a6 13. Rfd1 Bc7 14. Ne4 Ne5 15. Be2 b6 16. Bc3 Nxf3+ 17. Bxf3 Nxe4 18. Qxe4 Rb8 19. Rd2 Bb7 20. Qg4 f5 21. Qh3 Bxf3 22. Qxf3 Rbd8 23. Rad1 Rxd2 24. Rxd2 Rd8 25. Qd1 Rxd2 26. Qxd2 Qd6 27. Qxd6 Bxd6 28. h3 Kf7 29. g4 g6 30. f3 Ke8 31. a4 Kd7 32. Kf2 Kc6 33. Bg7 h5 34. Ke2 b5 35. axb5+ axb5 36. b3 bxc4 37. bxc4 Kd7 38. Kd3 Kc6 39. Bf6 Kd7 40. Bc3 Kc6 41. Bf6 Kd7 42. Kc3 Kc6 43. Kb3 Bf8 44. Ka4 Bd6 45. Ka5 Bg3 46. Ka6 Bf2 47. e4 fxe4 48. fxe4 hxg4 49. hxg4 Bd4 50. Bg5 Be5 51. Be3 Bc7 52. Ka7 Bd6 53. Ka6 Bc7 54. Bd2 Bd6 55. Bc3 Bc7 56. Bb2 Bd6 57. Ka5 Bf4 58. Ka4 Bd6 59. Kb3 Bc7 60. Kc2 Bd6 61. Kd3 Bc7 62. Ke2 Bd6 63. Kf3 Kd7 64. Kg2 Be7 65. Be5 Bd8 66. Kf3 Be7 67. Kf4 Bd8 68. Bb8 Bf6 69. Ba7 Kc6 70. Bb8 Kd7 71. Kf3 Kc6 72. Kg3 Kd7 73. Kf4 Kc6 74. Ke3 Kb7 75. Bf4 Kc6 76. Kd3 Be7 77. Be5 Bd8 78. Ke3 Be7 79. Kf4 Kd7 80. Bb8 Bf6 1/2-1/2

[Event "Titled Tuesday intern op 23rd Jul Early"]
[Site "Chess.com INT"]
[Date "2024.07.23"]
[Round "3"]
[White "Shandrygin, Nikita"]
[Black "Sipahioglu, Irmak"]
[Result "0-1"]
[WhiteElo "2209"]
[BlackElo "2061"]
[PlyCount "118"]
[EventDate "2024.07.23"]
[EventType "swiss (blitz)"]
[EventRounds "11"]
[EventCountry "USA"]
[SourceTitle "EXT 2025"]
[Source "ChessBase"]
[SourceDate "2024.10.14"]
[SourceVersion "1"]
[SourceVersionDate "2024.10.14"]
[SourceQuality "1"]

1. e4 e6 2. d4 d5 3. Nd2 Nf6 4. e5 Nfd7 5. f4 c5 6. c3 Nc6 7. Ndf3 a5 8. h4 h5 9. Bd3 b6 10. Ne2 Ba6 11. Bxa6 Rxa6 12. 0-0 g6 13. Ng5 Bh6 14. Be3 Ne7 15. Qd3 c4 16. Qc2 Nf5 17. Bf2 b5 18. b3 a4 19. bxc4 bxc4 20. Rab1 0-0 21. Rb5 Qc7 22. Rfb1 Rb8 23. Rxb8+ Nxb8 24. Qb2 Nc6 25. Qb7 Qxb7 26. Rxb7 Bxg5 27. hxg5 Kf8 28. Be1 Ke8 29. Bd2 Ra7 30. Rb1 Kd7 31. Bc1 Kc8 32. Ba3 Rb7 33. Rc1 Kd7 34. Kf2 Rb5 35. g3 Rb7 36. Kf3 Rb8 37. Rh1 Rh8 38. Kf2 Rb8 39. Kf3 Rh8 40. Kf2 Rb8 41. Ng1 Rb1 42. Bc5 Rb2+ 43. Kf3 Rxa2 44. g4 hxg4+ 45. Kxg4 Rc2 46. Nf3 Rxc3 47. Rh7 Ne3+ 48. Kg3 Nf5+ 49. Kg4 Ne3+ 50. Kg3 Nd8 51. Bb4 Nf5+ 52. Kg4 Rb3 53. Ba5 Rb7 54. Rh8 Rb8 55. Ne1 a3 56. Nc2 a2 57. Rh1 Nc6 58. Bc3 Rb3 59. Na1 Rxc3 0-1

[Event "TUR-chT 2nd League"]
[Site "Denizli"]
[Date "2024.07.17"]
[Round "4.2"]
[White "Sipahioglu, Irmak"]
[Black "Sevgi, Volkan"]
[Result "0-1"]
[WhiteElo "2061"]
[BlackElo "2332"]
[PlyCount "72"]
[EventDate "2024.07.15"]
[EventType "team-swiss"]
[EventRounds "9"]
[EventCountry "TUR"]
[SourceTitle "EXT 2025"]
[Source "ChessBase"]
[SourceDate "2024.10.14"]
[SourceVersion "1"]
[SourceVersionDate "2024.10.14"]
[SourceQuality "1"]
[WhiteTeam "Nida"]
[BlackTeam "Goztepe"]
[WhiteTeamCountry "TUR"]
[BlackTeamCountry "TUR"]

1. d4 Nf6 2. c4 e6 3. Nc3 Bb4 4. Bd2 b6 5. Nf3 Bb7 6. e3 0-0 7. Bd3 Bxc3 8. Bxc3 Ne4 9. Qc2 f5 10. 0-0-0 d5 11. Bb4 c5 12. Ba3 Nd7 13. Kb1 Rc8 14. Qe2 Qf6 15. Rc1 Rfd8 16. cxd5 exd5 17. Bb5 Bc6 18. Bxc6 Rxc6 19. dxc5 bxc5 20. Nd2 c4 21. Nf3 Rb8 22. Nd4 Ra6 23. Ka1 Kh8 24. Rhd1 Nec5 25. Qf3 Nd3 26. Rc2 Qf7 27. h3 Rf6 28. g3 N7e5 29. Qe2 Qb7 30. Rdd2 Ra6 31. Qd1 Qd7 32. Qh5 g6 33. Qd1 Kg8 34. Rc3 Qb7 35. Rcc2 Nc6 36. Nf3 Rxa3 0-1

[Event "TUR-chT 2nd League"]
[Site "Denizli"]
[Date "2024.07.16"]
[Round "2.1"]
[White "Sipahioglu, Irmak"]
[Black "Soysal, Serkan"]
[Result "0-1"]
[WhiteElo "2061"]
[BlackElo "2385"]
[PlyCount "58"]
[EventDate "2024.07.15"]
[EventType "team-swiss"]
[EventRounds "9"]
[EventCountry "TUR"]
[SourceTitle "EXT 2025"]
[Source "ChessBase"]
[SourceDate "2024.10.14"]
[SourceVersion "1"]
[SourceVersionDate "2024.10.14"]
[SourceQuality "1"]
[WhiteTeam "Nida"]
[BlackTeam "Pausa Enstitu"]
[WhiteTeamCountry "TUR"]
[BlackTeamCountry "TUR"]

1. d4 Nf6 2. c4 c5 3. d5 b5 4. cxb5 a6 5. e3 axb5 6. Bxb5 Ba6 7. Bxa6 Rxa6 8. Nc3 g6 9. Nf3 Bg7 10. 0-0 0-0 11. e4 d6 12. Qe2 Qb6 13. e5 dxe5 14. Nxe5 Rd8 15. Re1 Nxd5 16. Nxd5 Rxd5 17. Nc4 Qb7 18. Be3 Nc6 19. Rad1 Rxd1 20. Rxd1 Rxa2 21. Bxc5 Bxb2 22. h4 Qb5 23. Be3 Ra1 24. Rxa1 Bxa1 25. Qa2 Bd4 26. Bh6 Qb7 27. Qe2 Qb1+ 28. Kh2 Qb5 29. Qd3 Bxf2 0-1

[Event "Titled Tuesday intern op 02nd Jul Early"]
[Site "Chess.com INT"]
[Date "2024.07.02"]
[Round "3"]
[White "Shandrygin, Nikita"]
[Black "Sipahioglu, Irmak"]
[Result "1-0"]
[WhiteElo "2209"]
[BlackElo "2061"]
[PlyCount "49"]
[EventDate "2024.07.02"]
[EventType "swiss (blitz)"]
[EventRounds "11"]
[EventCountry "USA"]
[SourceTitle "EXT 2025"]
[Source "ChessBase"]
[SourceDate "2024.10.14"]
[SourceVersion "1"]
[SourceVersionDate "2024.10.14"]
[SourceQuality "1"]

1. e4 e6 2. d4 d5 3. Nd2 Nf6 4. e5 Nfd7 5. f4 c5 6. c3 Nc6 7. Ndf3 f6 8. Bd3 Be7 9. Ne2 b6 10. 0-0 a5 11. c4 Nb4 12. cxd5 Nxd5 13. f5 exf5 14. Bxf5 0-0 15. Be6+ Kh8 16. Bxd5 Ra7 17. Nf4 Nb8 18. Nh4 g5 19. Qh5 gxf4 20. Ng6+ Kg7 21. Nxf8 Qxf8 22. Bxf4 Qd8 23. Bh6+ Kh8 24. Qf7 Qxd5 25. Bg7# 1-0

[Event "Titled Tuesday intern op 02nd Jul Early"]
[Site "Chess.com INT"]
[Date "2024.07.02"]
[Round "4"]
[White "Sipahioglu, Irmak"]
[Black "Norowitz, Yaacov"]
[Result "0-1"]
[WhiteElo "2061"]
[BlackElo "2402"]
[PlyCount "74"]
[EventDate "2024.07.02"]
[EventType "swiss (blitz)"]
[EventRounds "11"]
[EventCountry "USA"]
[SourceTitle "EXT 2025"]
[Source "ChessBase"]
[SourceDate "2024.10.14"]
[SourceVersion "1"]
[SourceVersionDate "2024.10.14"]
[SourceQuality "1"]

1. d4 Nf6 2. c4 e5 3. dxe5 Ne4 4. Nf3 Nc6 5. Nbd2 Bb4 6. a3 Nxd2 7. Bxd2 Bxd2+ 8. Qxd2 0-0 9. g3 Qe7 10. Bg2 Nxe5 11. Nxe5 Qxe5 12. 0-0 d6 13. b4 a5 14. Rac1 axb4 15. axb4 Ra3 16. Rfd1 b6 17. c5 dxc5 18. bxc5 b5 19. e3 Bg4 20. Qd4 Qxd4 21. Rxd4 Be6 22. Rb4 Rb8 23. Bc6 Rb3 24. Rxb3 Bxb3 25. Rb1 Bc4 26. Rb4 Kf8 27. f4 Ke7 28. Kf2 f5 29. Kf3 Ke6 30. e4 g6 31. Ke3 fxe4 32. Kxe4 h5 33. h3 Bf1 34. g4 Bg2+ 35. Ke3 Bxc6 36. f5+ gxf5 37. gxh5 Ke5 0-1

[Event "Titled Tuesday intern op 11th Jun Early"]
[Site "Chess.com INT"]
[Date "2024.06.11"]
[Round "2"]
[White "Sipahioglu, Irmak"]
[Black "Marichal Gonzalez, Ariel"]
[Result "0-1"]
[WhiteElo "2061"]
[BlackElo "2268"]
[PlyCount "82"]
[EventDate "2024.06.11"]
[EventType "swiss (blitz)"]
[EventRounds "11"]
[EventCountry "USA"]
[SourceTitle "EXT 2025"]
[Source "ChessBase"]
[SourceDate "2024.10.14"]
[SourceVersion "1"]
[SourceVersionDate "2024.10.14"]
[SourceQuality "1"]

1. d4 Nf6 2. c4 e6 3. Nc3 Bb4 4. Qc2 0-0 5. a3 Bxc3+ 6. Qxc3 d5 7. Bg5 b6 8. e3 dxc4 9. Bxc4 Bb7 10. Nf3 h6 11. Bh4 Nbd7 12. Rc1 c5 13. 0-0 Bxf3 14. gxf3 Rc8 15. Rfd1 cxd4 16. Qxd4 Qc7 17. Bg3 Qc5 18. Qd2 Qh5 19. Qe2 Ne5 20. Bxe5 Qxe5 21. Ba6 Rxc1 22. Rxc1 Rd8 23. f4 Qe4 24. f3 Qd5 25. Rc2 e5 26. fxe5 Qxe5 27. Kg2 Nd5 28. f4 Nxe3+ 29. Kf3 Qh5+ 30. Kf2 Qxh2+ 31. Kf3 Qh5+ 32. Kf2 Ng4+ 33. Kg3 f5 34. Rc8 Rxc8 35. Bxc8 Qg6 36. Kh4 Qf6+ 37. Kg3 Kh7 38. Qb5 g6 39. Qd7+ Qg7 40. Qd2 Nf6 41. Be6 Ne4+ 0-1

[Event "Titled Tuesday intern op 04th Jun Early"]
[Site "Chess.com INT"]
[Date "2024.06.04"]
[Round "3"]
[White "Garcia Correa, Jose Ricardo"]
[Black "Sipahioglu, Irmak"]
[Result "1-0"]
[WhiteElo "2103"]
[BlackElo "2061"]
[PlyCount "69"]
[EventDate "2024.06.04"]
[EventType "swiss (blitz)"]
[EventRounds "11"]
[EventCountry "USA"]
[SourceTitle "EXT 2025"]
[Source "ChessBase"]
[SourceDate "2024.10.14"]
[SourceVersion "1"]
[SourceVersionDate "2024.10.14"]
[SourceQuality "1"]

1. e4 e6 2. d4 d5 3. Nc3 Bb4 4. e5 Qd7 5. a3 Bxc3+ 6. bxc3 b6 7. Qg4 f5 8. Qg3 Ba6 9. Bd3 Bxd3 10. cxd3 Nc6 11. Ne2 0-0-0 12. a4 Kb7 13. 0-0 Rc8 14. Bd2 Ka8 15. Rfb1 h6 16. h4 Nge7 17. Qxg7 Rcg8 18. Qf7 Rg4 19. Nf4 Nd8 20. Qf6 Rh7 21. a5 Ng8 22. axb6 Nxf6 23. Rxa7+ Kb8 24. exf6 Nc6 25. Rxc7 Qxc7 26. bxc7+ Kxc7 27. Nxe6+ Kd6 28. Nc5 Rf7 29. f3 Rxh4 30. Be1 Rh5 31. Bg3+ f4 32. Bxf4+ Ne5 33. Bxe5+ Rxe5 34. dxe5+ Kxc5 35. Re1 1-0

[Event "Titled Tuesday intern op 04th Jun Early"]
[Site "Chess.com INT"]
[Date "2024.06.04"]
[Round "2"]
[White "Sipahioglu, Irmak"]
[Black "Srivatsan, Karthikeyan"]
[Result "0-1"]
[WhiteElo "2061"]
[BlackElo "1851"]
[PlyCount "46"]
[EventDate "2024.06.04"]
[EventType "swiss (blitz)"]
[EventRounds "11"]
[EventCountry "USA"]
[SourceTitle "EXT 2025"]
[Source "ChessBase"]
[SourceDate "2024.10.14"]
[SourceVersion "1"]
[SourceVersionDate "2024.10.14"]
[SourceQuality "1"]

1. d4 Nf6 2. c4 e6 3. Nc3 Bb4 4. Qc2 d5 5. cxd5 exd5 6. Nf3 0-0 7. Bg5 h6 8. Bxf6 Qxf6 9. e3 c6 10. Bd3 Bg4 11. Ne5 Be6 12. 0-0 c5 13. f4 Nc6 14. Ne2 Rac8 15. Qa4 c4 16. Bc2 Bd2 17. Rf3 a6 18. Ng3 Nb4 19. Bd1 b5 20. Qa3 Qe7 21. Nf1 c3 22. Nxd2 cxd2 23. Rf2 Rc1 0-1

[Event "Titled Tuesday intern op 28th May Early"]
[Site "Chess.com INT"]
[Date "2024.05.28"]
[Round "1"]
[White "Ilamparthi, AR."]
[Black "Sipahioglu, Irmak"]
[Result "1-0"]
[WhiteElo "2440"]
[BlackElo "2061"]
[PlyCount "67"]
[EventDate "2024.05.28"]
[EventType "swiss (blitz)"]
[EventRounds "11"]
[EventCountry "USA"]
[SourceTitle "EXT 2025"]
[Source "ChessBase"]
[SourceDate "2024.10.14"]
[SourceVersion "1"]
[SourceVersionDate "2024.10.14"]
[SourceQuality "1"]

1. e4 e6 2. d3 d5 3. Nd2 Nf6 4. Ngf3 Nc6 5. c3 a5 6. e5 Nd7 7. d4 f6 8. Bb5 fxe5 9. dxe5 Be7 10. Nd4 Ndxe5 11. f4 0-0 12. fxe5 Nxe5 13. N2f3 Ng4 14. Qe2 c6 15. Nxe6 Qd6 16. Nxf8 cxb5 17. Nxh7 Kxh7 18. 0-0 Bd7 19. h3 Nf6 20. Ng5+ Kg8 21. Bf4 Qc5+ 22. Kh1 Re8 23. Qd3 Bf8 24. Rae1 Bc6 25. Rxe8 Bxe8 26. Be3 Qc4 27. Qxc4 bxc4 28. Bd4 Be7 29. Re1 Kf8 30. Ne6+ Kf7 31. Nxg7 Bd6 32. Bxf6 Bc6 33. Bd4 Bg3 34. Rf1+ 1-0

[Event "Titled Tuesday intern op 28th May Early"]
[Site "Chess.com INT"]
[Date "2024.05.28"]
[Round "6"]
[White "Sipahioglu, Irmak"]
[Black "Kokoszczynski, Jan"]
[Result "1/2-1/2"]
[WhiteElo "2061"]
[BlackElo "2314"]
[PlyCount "130"]
[EventDate "2024.05.28"]
[EventType "swiss (blitz)"]
[EventRounds "11"]
[EventCountry "USA"]
[SourceTitle "EXT 2025"]
[Source "ChessBase"]
[SourceDate "2024.10.14"]
[SourceVersion "1"]
[SourceVersionDate "2024.10.14"]
[SourceQuality "1"]

1. d4 Nf6 2. c4 e6 3. Nc3 Bb4 4. Qc2 c5 5. dxc5 Bxc5 6. Bf4 0-0 7. Rd1 Nc6 8. Nf3 h6 9. e3 Nh5 10. Bd6 Bxd6 11. Rxd6 Nf6 12. Be2 a6 13. 0-0 Qc7 14. Rd2 b6 15. Rfd1 Bb7 16. Ne4 Nxe4 17. Rxd7 Qc8 18. Qxe4 Na5 19. Qd4 Rb8 20. b3 Bc6 21. Re7 b5 22. cxb5 Bxb5 23. Bxb5 axb5 24. Ne5 Qc2 25. Qd2 Qc5 26. Rd7 Qxe5 27. Qxa5 Ra8 28. Qd2 Qc5 29. Rc1 Qa3 30. Rc2 Qa6 31. h3 Rfb8 32. Rcc7 Rf8 33. Rc2 Rfb8 34. Qe2 Qa5 35. Rcc7 Rf8 36. Qf3 Qe1+ 37. Kh2 Qa1 38. Rxf7 Qe5+ 39. g3 Rxf7 40. Qxf7+ Kh8 41. Ra7 Rc8 42. Re7 Rc2 43. Re8+ Kh7 44. Qf3 Qf5 45. Rf8 Qxf3 46. Rxf3 Rxa2 47. e4 Rb2 48. Kg2 Kg6 49. Re3 Kf6 50. e5+ Kf5 51. Kf3 h5 52. g4+ Kg5 53. Kg3 h4+ 54. Kf3 g6 55. Ke4 Rxf2 56. Rf3 Re2+ 57. Re3 Rb2 58. Kd4 Rg2 59. Ke4 Rg3 60. Rxg3 hxg3 61. Kf3 Kh4 62. Kg2 b4 63. g5 Kxg5 64. Kxg3 Kf5 65. Kh4 Kf4 1/2-1/2

[Event "Titled Tuesday intern op 23rd Apr Late"]
[Site "Chess.com INT"]
[Date "2024.04.23"]
[Round "3"]
[White "Sipahioglu, Irmak"]
[Black "De Souza, Cristiano Gomes"]
[Result "1-0"]
[WhiteElo "2061"]
[BlackElo "2018"]
[PlyCount "67"]
[EventDate "2024.04.23"]
[EventType "swiss (blitz)"]
[EventRounds "11"]
[EventCountry "USA"]
[SourceTitle "CBM 219 Extra"]
[Source "ChessBase"]
[SourceDate "2024.05.31"]
[SourceVersion "1"]
[SourceVersionDate "2024.05.31"]
[SourceQuality "1"]

1. d4 Nf6 2. c4 g6 3. Nc3 Bg7 4. e4 d6 5. Nf3 0-0 6. Be2 e5 7. 0-0 Nc6 8. d5 Ne7 9. Ne1 Nd7 10. Nd3 f5 11. Bd2 Nf6 12. f3 h5 13. a4 a6 14. a5 Kh7 15. c5 Rf7 16. cxd6 cxd6 17. Qc2 Bd7 18. Rfc1 Rc8 19. Qb3 Rc7 20. Be3 Qb8 21. Rc2 f4 22. Bb6 Rc8 23. Nf2 g5 24. h3 Ng6 25. Na4 Bf8 26. Rac1 Rxc2 27. Rxc2 Rg7 28. Rc7 Qe8 29. Nc3 g4 30. fxg4 hxg4 31. hxg4 Nh4 32. Qd1 Qg6 33. Rxb7 Nxe4 34. Ncxe4 1-0

[Event "TUR-chT 2nd League"]
[Site "Denizli"]
[Date "2023.07.15"]
[Round "9.42"]
[White "Yaran, Siar"]
[Black "Sipahioglu, Irmak"]
[Result "0-1"]
[WhiteElo "2288"]
[BlackElo "2041"]
[PlyCount "62"]
[EventDate "2023.07.09"]
[EventType "team-swiss"]
[EventRounds "9"]
[EventCountry "TUR"]
[SourceTitle "CBM 215 Extra"]
[Source "ChessBase"]
[SourceDate "2023.09.30"]
[SourceVersion "1"]
[SourceVersionDate "2023.09.30"]
[SourceQuality "1"]
[WhiteTeam "Sakarya Satranc"]
[BlackTeam "Nida"]
[WhiteTeamCountry "TUR"]
[BlackTeamCountry "TUR"]

1. b3 d5 2. Bb2 Nf6 3. Nf3 Bf5 4. g3 e6 5. Bg2 Bd6 6. 0-0 0-0 7. d3 Qe7 8. Nbd2 h6 9. e4 dxe4 10. dxe4 Nxe4 11. Nd4 Nxd2 12. Qxd2 Nc6 13. Nxf5 exf5 14. Bxc6 bxc6 15. Qc3 Qg5 16. Qxc6 f4 17. Rfe1 fxg3 18. hxg3 h5 19. Rad1 h4 20. Qd5 Qg6 21. Qd3 hxg3 22. fxg3 Qxg3+ 23. Qxg3 Bxg3 24. Re4 Bd6 25. Rde1 f5 26. Re6 Kf7 27. Bd4 Rh8 28. c4 Rh4 29. c5 Bh2+ 30. Kg2 Rg4+ 31. Kh1 Bd6 0-1

[Event "TUR-chT 2nd League"]
[Site "Denizli"]
[Date "2023.07.14"]
[Round "8.62"]
[White "Sipahioglu, Irmak"]
[Black "Celik, Abdullah"]
[Result "1-0"]
[WhiteElo "2041"]
[BlackElo "1757"]
[PlyCount "98"]
[EventDate "2023.07.09"]
[EventType "team-swiss"]
[EventRounds "9"]
[EventCountry "TUR"]
[SourceTitle "CBM 215 Extra"]
[Source "ChessBase"]
[SourceDate "2023.09.30"]
[SourceVersion "1"]
[SourceVersionDate "2023.09.30"]
[SourceQuality "1"]
[WhiteTeam "Nida"]
[BlackTeam "Celik"]
[WhiteTeamCountry "TUR"]
[BlackTeamCountry "TUR"]

1. d4 f5 2. c4 e6 3. g3 Be7 4. Bg2 Nf6 5. Nf3 0-0 6. 0-0 d6 7. b3 Ne4 8. Bb2 Bf6 9. Nbd2 Nxd2 10. Qxd2 a5 11. Rfd1 Nc6 12. Rac1 Qe8 13. d5 Bxb2 14. Qxb2 Nd8 15. c5 exd5 16. Rxd5 Be6 17. Rd4 Nc6 18. Ra4 dxc5 19. Ne5 Nxe5 20. Qxe5 Bd7 21. Qd5+ Kh8 22. Rf4 Bc6 23. Qxc5 Bxg2 24. Kxg2 c6 25. e3 Qd7 26. g4 g6 27. gxf5 gxf5 28. Kf3 Qg7 29. Qd4 Rf6 30. Rc5 Raf8 31. Rxa5 b5 32. Ra7 Qg6 33. Ke2 Qh5+ 34. Kd2 Qxh2 35. Rxf5 Qd6 36. Rxf6 Qxd4+ 37. exd4 Rxf6 38. Ke3 h5 39. f3 h4 40. Kf2 Rd6 41. Rc7 Kg8 42. Kg2 Rxd4 43. Rxc6 Rd2+ 44. Kh3 Rxa2 45. Rc5 Rd2 46. Rxb5 Rd3 47. Kxh4 Rxf3 48. Kg4 Rf1 49. Rg5+ Kf7 1-0

[Event "Speed Chess Q2"]
[Site "Chess.com INT"]
[Date "2022.11.12"]
[Round "6"]
[White "Sipahioglu, Irmak"]
[Black "Barria Zuniga, Daniel"]
[Result "0-1"]
[WhiteElo "2041"]
[BlackElo "2341"]
[PlyCount "42"]
[EventDate "2022.11.12"]
[EventType "swiss (blitz)"]
[EventRounds "14"]
[EventCountry "USA"]
[SourceTitle "CBM 211 Extra"]
[Source "ChessBase"]
[SourceDate "2023.01.31"]
[SourceVersion "1"]
[SourceVersionDate "2023.01.31"]
[SourceQuality "1"]

1. d4 g6 2. c4 Bg7 3. Nc3 c5 4. d5 Bxc3+ 5. bxc3 Qa5 6. Qd3 f5 7. g4 d6 8. gxf5 Bxf5 9. Qd2 Nf6 10. f3 Nbd7 11. Bh3 Ne5 12. Bxf5 gxf5 13. Nh3 0-0-0 14. 0-0 Rhg8+ 15. Kh1 Qa4 16. Qf4 Qxc4 17. Qxf5+ Kb8 18. Nf4 Nxd5 19. Nxd5 Qxd5 20. Be3 Rdf8 21. Qc2 Nxf3 0-1

[Event "Speed Chess Q2"]
[Site "Chess.com INT"]
[Date "2022.11.12"]
[Round "5"]
[White "Sipahioglu, Irmak"]
[Black "Zhu, Jiner"]
[Result "0-1"]
[WhiteElo "2041"]
[BlackElo "2486"]
[PlyCount "90"]
[EventDate "2022.11.12"]
[EventType "swiss (blitz)"]
[EventRounds "14"]
[EventCountry "USA"]
[SourceTitle "CBM 211 Extra"]
[Source "ChessBase"]
[SourceDate "2023.01.31"]
[SourceVersion "1"]
[SourceVersionDate "2023.01.31"]
[SourceQuality "1"]

1. d4 Nf6 2. c4 e6 3. Nc3 Bb4 4. Qc2 0-0 5. a3 Bxc3+ 6. Qxc3 d5 7. Bg5 dxc4 8. Qxc4 b6 9. Nf3 Ba6 10. Qc1 h6 11. Bf4 Nbd7 12. Qxc7 Qxc7 13. Bxc7 Rfc8 14. Bd6 Rc2 15. Ne5 Rac8 16. Nxd7 Nxd7 17. Rb1 Nf6 18. f3 Nd5 19. Bg3 Ne3 20. Kf2 Nxf1 21. Rhxf1 Rxe2+ 22. Kg1 Rd2 23. Rfd1 Rcc2 24. Rxd2 Rxd2 25. Bf2 Bd3 26. Rc1 Rxb2 27. h4 h5 28. Rc8+ Kh7 29. Rc7 a5 30. Rxf7 Rb3 31. d5 exd5 32. Rb7 b5 33. Bd4 Rxa3 34. Rxg7+ Kh6 35. Rd7 Bf5 36. Rd6+ Kh7 37. Rxd5 Bd3 38. Rd7+ Kg8 39. Rb7 b4 40. g4 hxg4 41. fxg4 Be4 42. Rb8+ Kf7 43. Kf2 Rf3+ 44. Ke2 Rh3 45. Rb7+ Bxb7 0-1